000 00234nam a2200097Ia 4500
008 240331s9999 xx 000 0 und d
082 _a302.232
_bTHI
100 _aNagarjuna. tr
245 0 _aTiraippata metai sergai eisenstein
942 _cL
999 _c1277
_d1277